Statistics for All Salmon Run Enemys

Click here to take the quiz!

General Stats

  • This quiz has been taken 9 times
  • The average score is 18 of 23

Answer Stats

Answer% Correct
Chum
100%
Maws
100%
Mudmouth
100%
Steelhead
100%
Big Shot
86%
Fish Stick
86%
Flyfish
86%
Goldie
86%
Griller
86%
Scrapper
86%
Smallfry
86%
Steeleel
86%
Cohock
71%
Cohozuna
71%
Drizzler
71%
Mothership
71%
Stinger
71%
Chinook
57%
Flipper Flopper
57%
Horrorboros
57%
Slammin Lid
57%
Megalodontia
43%
Snatcher
43%

Score Distribution

Percentile by Number Answered

Percent of People with Each Score

Your Score History

You have not taken this quiz